| 000 | 00703nam a2200205 a 4500 | ||
|---|---|---|---|
| 001 | 2029152 | ||
| 003 | AM-YEHGA | ||
| 005 | 20250918131043.0 | ||
| 008 | 250826s1933 a|||fr|||||00||0|fre|d | ||
| 040 | _aAM-YeHGA | ||
| 041 | 0 | _afre | |
| 245 | 0 | 0 |
_aHistoire naturelle des mammifères / _b30 Planches coloriées dáprès nature et accompagnées d'un texte explicatif en français. |
| 260 |
_aS. l. : _bEsslingen, _bJ.F. Schreiber editeur, _c1933. |
||
| 300 |
_a9 p., XXX p.pl. : _bill. ; _c33 cm. |
||
| 440 | 0 | _aLe règne Animal | |
| 500 | _aOuvrage spécialement destiné à l'enseignement public et privé | ||
| 650 | 1 | 4 |
_aZoology _xMammals |
| 650 | 1 | 4 |
_aInformative books _xImages |
| 942 |
_2udc _cBK |
||
| 999 |
_c536437 _d536437 |
||